| 000 | 00546nam a2200181Ia 4500 | ||
|---|---|---|---|
| 005 | 20250508160235.0 | ||
| 008 | 008 250505s9999 xx 000 0 eng d | ||
| 037 | _aBooks to be hide in OPAC | ||
| 040 |
_aFEDL _beng _cFEDL |
||
| 041 |
_aeng _2eng |
||
| 084 |
_a378.5456, JNU/O _qFEDL |
||
| 245 | 0 | _aJawaharlal Nehru University act, 1966 (As modified up to the 1st August 1970) | |
| 245 | 0 | _cIndia. Law, (Ministry of...) | |
| 260 | _c1970 | ||
| 300 | _aiii,44p | ||
| 942 |
_cHB _h378.5456, JNU/O |
||
| 999 |
_c1362967 _d1362967 |
||